000 01203nam a2200337 i 4500
001 000043990
003 DO-SdBNP
005 20260220091855.0
007 ta
008 140512s2014 dr a 000 0 spa d
020 _a9789945583779
040 _aDO-SdBNP
_bspa
_cBNPHU
_erda
041 _aspa
082 4 _a302.34
_bS684t
_222
100 _aSolano-Joseph, María Magdalena,
_d1957-
_eautor
_4aut.
_964412
245 1 0 _aTodo lo que brilla no es oro :
_bel poder de la amistad /
_cMaría Magdalena Solano-Joseph ; ilustraciones, Bryan Miguel Ferreira Barrientos.
250 _aSegunda edición revisada
264 1 _aSanto Domingo :
_bEditorial Santuario,
_c2014.
300 _a154 páginas :
_bilustraciones ;
_c23 cm.
336 _atexto
_btxt
_2rdacontent
337 _asin mediación
_bn
_2rdamedia
338 _avolumen
_bnc
_2rdacarrier
500 _aIncluye datos biográficos del autor en la solapa de la cubierta
590 _aInventariado, 2025/BT
650 4 _aAmistad
_964413
650 4 _aConducta de vida
_2LIBRUNAM
_911947
650 4 _aRelaciones humanas
_9606
700 1 _aFerreira Barrientos, Bryan Miguel,
_eilustrador
_4il.
_971949
910 _aBtavárez
942 _2ddc
_cLBS1
999 _c43479
_d43479